000
00289nam a22001217a 4500
008
181101b xxu||||| |||| 00| 0 eng d
041
_a
eng
080
_a
610
100
_a
4
101
_a
SHM
245
_a
Common Skin Diseases Diagnostic And Treatment
_c
Rozaen.J.H
942
_2
udc
_c
BK
999
_c
51399
_d
51399